Doppelsprachigkeit bei Ota Filip - zwei Identitäten?

Titel: Doppelsprachigkeit bei Ota Filip - zwei Identitäten? / Jan Kubica
Verfasser:
In: Bundesinstitut für Kultur und Geschichte der Deutschen im Östlichen Europa: Jahrbuch des Bundesinstituts für Kultur und Geschichte der Deutschen im Östlichen Europa, Band 26 (2018), Seite 271-285
alle Artikel anzeigen Sprache, Band 26 (2018), Seite 271-285
alle Artikel anzeigen
Veröffentlicht: 2018
Format: Aufsatz
Sprache: Deutsch
Schlagworte:
Kein Bild verfügbar
X
alg: 50489027
001A    $03025:10-02-23 
001B    $03025:27-08-25 $t12:38:04.000 
001D    $03025:10-02-23 
001U    $0utf8 
001X    $00 
002@    $0Aou 
002C    $aText $btxt $2rdacontent 
002D    $aohne Hilfsmittel zu benutzen $bn $2rdamedia 
002E    $aBand $bnc $2rdacarrier 
003@    $0504890271 
007A    $0504890271 $aHEB 
010@    $ager 
010E    $erda 
011@    $a2018 
021A    $aDoppelsprachigkeit bei Ota Filip - zwei Identitäten? $hJan Kubica 
028A    $BVerfasser $#Kubica, J. $4aut $7141846356 $8Kubica, Jan$Z1966- [Tp3] $922540205X 
031A    $d26 $h271-285 $j2018 
039B    $aEnthalten in $8--Abvc--Bundesinstitut für Kultur und Geschichte der Deutschen im Östlichen Europa [Tb1]. Jahrbuch des Bundesinstituts für Kultur und Geschichte der Deutschen im Östlichen Europa. - München : de Gruyter Oldenbourg, [2011-2018]. - ISSN 2193-6730 $x201800000260000729 $9284808369 
039B    $aEnthalten in $8--Aau--. Sprache. - München : De Gruyter Oldenbourg, [2018]. - 302 Seiten. - Diagramme, Tabellen, Karten. - ISBN 978-3-11-047672-9 $9446537985 
044K    $#Filip, Otta $7123174457 $8Filip, Ota$Z1930-2018 [Tp1] $9100082572 
044K    $RMehrsprachigkeit $#Bilingualism $#Bilinguisme $#Bilinguismo $#Bilingüismo $#Bilingualität $#Bilinguismus $#Gemischtsprachigkeit Zweisprachigkeit $#Bilingualismus $74068227-4 $8Zweisprachigkeit [Ts1] $9085191868 
044K    $RSelbst $RNichtidentität $RIdentitätsphilosophie $RIdentitätstheorie $#Identity (Psychology) $#Identity (Philosophical concept) $#Identité (psychologie) $#Identité (philosophie) $#Identidad $#Identität $#Identität $74026482-8 $8Identität [Ts1] $9085066036 
045F    $a417.709431510904 $eDDC23BSB 
045F/01 $a417.7 
045F/03 $f0904 
045F/03 $g43151 

lok: 50489027 78

exp: 50489027 78 1 #EPN
201B/01 $010-02-23 $t16:00:49.000 
201C/01 $010-02-23 
201U/01 $0utf8 
203@/01 $01227353243 
208@/01 $a10-02-23 $be 
209A/01 $a/ $f000 $x00 
209A/01 $ab*p $x01 
220C/01 $apgar 
244Z/01 $#Böhmische Kronländer $#Länder der Böhmischen Krone $#Sudetenland $#Böhmen $#Mähren $#Mährisch-Schlesien $#Österreichisch-Schlesien $#Tschechische Sozialistische Republik Böhmische Länder $#Tschechei Böhmische Länder $#Země koruny české $74069573-6 $8--Tg1--Böhmische Länder $x01 $9085195553 
247C/01 $82080>Marburg/Lahn, Herder-Institut, Forschungsbibliothek, Bibliographieportal $9336309341
LEADER 00000caa a2200000 c 4500
001 504890271
003 DE-603
005 20250827123804.0
007 tu
008 230210s2018 xx |||| | u00||u|ger c
035 |a (DE-599)HEB504890271 
040 |a DE-603  |b ger  |c DE-603  |d DE-603  |e rda 
041 |a ger 
082 0 4 |8 1\u  |a 417.709431510904  |q DE-101  |2 23/BSB 
085 |8 1\u  |b 417.7 
085 |8 1\u  |z 1  |s 0904 
085 |8 1\u  |z 2  |s 43151 
100 1 |a Kubica, Jan  |d 1966-  |e Verfasser  |4 aut  |0 (DE-603)22540205X  |0 (DE-588)141846356  |2 gnd 
245 0 0 |a Doppelsprachigkeit bei Ota Filip - zwei Identitäten?  |c Jan Kubica 
264 0 |c 2018 
336 |a Text  |b txt  |2 rdacontent 
337 |a ohne Hilfsmittel zu benutzen  |b n  |2 rdamedia 
338 |a Band  |b nc  |2 rdacarrier 
600 1 7 |a Filip, Ota  |d 1930-2018  |0 (DE-588)123174457  |0 (DE-603)100082572  |2 gnd 
650 7 |a Zweisprachigkeit  |0 (DE-588)4068227-4  |0 (DE-603)085191868  |2 gnd 
650 7 |a Identität  |0 (DE-588)4026482-8  |0 (DE-603)085066036  |2 gnd 
773 0 8 |i Enthalten in  |a Bundesinstitut für Kultur und Geschichte der Deutschen im Östlichen Europa  |t Jahrbuch des Bundesinstituts für Kultur und Geschichte der Deutschen im Östlichen Europa  |d München : de Gruyter Oldenbourg, [2011-2018]  |h 24 cm  |x 2193-6730  |g Band 26 (2018), Seite 271-285  |w (DE-603)284808369  |w (DE-600)2640986-0 
773 0 8 |i Enthalten in  |t Sprache  |d München : De Gruyter Oldenbourg, [2018]  |h 302 Seiten, Diagramme, Tabellen, Karten  |z 9783110476729  |g Band 26 (2018), Seite 271-285  |w (DE-603)446537985 
924 0 |9 2080  |a (DE-603)1227353243  |b DE-2080  |c HES  |d d  |g /